Integrated rural energy plan for Nanded block (Record no. 15823)

MARC details
000 -LEADER
fixed length control field 00382nam a2200121Ia 4500
082 ## - DEWEY DECIMAL CLASSIFICATION NUMBER
Classification number RI.0019
245 #0 - TITLE STATEMENT
Title Integrated rural energy plan for Nanded block
260 ## - PUBLICATION, DISTRIBUTION, ETC. (IMPRINT)
Year of publication 0
Name of publisher Maharashtra Energy Development Agency, Bombay
300 ## - PHYSICAL DESCRIPTION
Number of Pages 136p.
650 ## - SUBJECT ADDED ENTRY--TOPICAL TERM
Topical Term INTEGRATED RURAL ENERGY PLAN - KARNATAKA - NANDED
710 ## - ADDED ENTRY--CORPORATE NAME
Corporate name or jurisdiction name as entry element Progressive Research Aids Private Limited, Pune
942 ## - ADDED ENTRY ELEMENTS (KOHA)
Koha item type Research Reports
Source of classification or shelving scheme Dewey Decimal Classification
Holdings
Withdrawn status Lost status Damaged status Not for loan Home library Current library Date acquired Bill Date Full call number Accession Number Price effective from Koha item type
        NASSDOC Library NASSDOC Library 08/10/2004 2008-12-30 RI.0019 32545 18/04/2019 Research Reports